Guido Gezelle

Сохранить в:
Библиографические подробности
Главный автор: Wouters, Liliane (Автор)
Формат:
Язык:французский
Опубликовано: París Pierre Seghers 1965
Серии:Poetes d'aujourd'hui, 129
Предметы:
Метки: Добавить метку
Нет меток, Требуется 1-ая метка записи!

MARC

LEADER 00000nam a2200000 a 4500
001 UCY4557
003 CL-VaPUC
008 950316e19650000FR |||||||||||||||||fre|d
082 0 4 |a 851.09  |b WOU  |2 21 
100 0 |a Wouters, Liliane  |e author  |9 333032 
245 1 0 |a Guido Gezelle 
300 |a 189 p 
942 |c BK 
945 |d 19950316 00:00:00  |a mfernand 
260 |a París  |b Pierre Seghers  |c 1965 
600 0 7 |a GEZELLE, GUIDO  |2 CL-VaPUC  |9 333033 
650 0 |a Crítica e interpretación   |9 255042 
583 |a last modification  |c 19950316 00:00:00  |k Rodrigo Vera 
490 0 |a Poetes d'aujourd'hui, 129 
999 |c 232379  |d 232377 
952 |0 0  |1 0  |4 0  |6 851_090000000000000_WOU_1965  |7 0  |8 P  |9 236584  |a BIBART  |b BIBART  |d 2019-11-15  |i 3063062  |o 851.09 WOU 1965  |p 3063062  |r 2025-03-13  |w 2019-11-15  |y BK  |k ART